Normal view
MARC view
- Allard, Kenneth
Entry Personal Name
001 - CONTROL NUMBER
- control field: 123971
003 - CONTROL NUMBER IDENTIFIER
- control field: NUST
005 - DATE AND TIME OF LATEST TRANSACTION
- control field: 20240701180819.0
008 - FIXED-LENGTH DATA ELEMENTS
- fixed length control field: 240701|| aca||aabn | a|a d
040 ## - CATALOGING SOURCE
- Original cataloging agency: NUST
- Transcribing agency: NUST
100 ## - HEADING--PERSONAL NAME
- Personal name: Allard, Kenneth
670 ## - SOURCE DATA FOUND
- Source citation: Work cat.: (NUST): Allard, Kenneth, Business As War, 2004.
